000 01966nam a22002297a 4500
999 _c58719
_d58719
003 Ge_BSU
005 20220707111429.0
008 220707s2022ge xxu||||| |||| 00| 0 geo d
041 _ageo
080 _a94 ს-24
100 _aსამსონია, ლევან
_914299
245 _aსაზოგადოებრივ-პოლიტიკური ვითარება აჭარაში XX საუკუნის 30-იან წლებში:
_bდისერტაცია /
_cლევან სამსონია, სამეცნ.ხელმძღ. ისტორიის მეცნიერებათა დოქტორი ოთარ თურმანიძე.
264 _aბათუმი:
_bბათუმის შოთა რუსთაველის სახელმწიფო უნივერსიტეტი,
_c2022.
300 _a248 გვ.:
_c30 სმ.
501 _aშემოკლებათა განმარტ.გვ:228 საარქივო დოკუმენტ.გვ:234-248
653 _aსაზოგადოებრივ-პოლიტიკური ვითარება აჭარაში XX საუკუნის 30-იან წლებში
653 _aისტორია
653 _aსადოქტორო ნაშრომი შესრულებულია ისტორიის დოქტორის აკადემიური ხარისხის მოსაპოვებლად
700 _aთურმანიძე, ოთარ
_eსამეცნიერო ხელმძღვანელი
_914300
710 _aბათუმის შოთა რუსთაველის სახელმწიფო უნივერსიტეტი ჰუმანიტარულ მეცნიერებათა ფაკულტეტი
_914301
942 _2udc
_cDS